000 00736nam a2200265Ia 4500
003 OSt
005 20221006142648.0
006 a|||||r|||| 00| 0
007 ta
008 221006b |||||||| |||| 00| 0 eng d
020 _c
_10.00
024 _a6,873
037 _cTextual
040 _aEASL
_cEASL
_beng
041 _2eng
_aeng
082 _aY:1:(6:55).41, L4
100 _aSTOVER Leon E
_9648102
245 0 _aCultural ecology of Chinese civilization
_b Peasants and Elites in the last of the Agrarian state
260 _aNew York
_bPica Press
_c1974
300 _a306p.
_ccm.
490 _v CEL
650 _aCEL
942 _hY:1:(6:55).41, L4
_cTEXL
_2CC
999 _c1074959
_d1074959